000 02297cam a2200289 4500500
005 20251228050253.0
041 _afre
042 _adc
100 1 0 _aThouard, Denis
_eauthor
245 0 0 _aL'éthique de l'individualité chez Schleiermacher
260 _c2014.
500 _a22
520 _aL’article s’interroge sur la place réservée à l’individualité, dont le motif est si fortement marqué dans les premiers travaux de Schleiermacher, dans le système abouti et notamment dans l’ Éthique. En premier lieu, c’est le rôle de la lecture de Spinoza qui est mis en avant, comme l’inspiration philosophique fondamentale du projet de Schleiermacher, y compris dans son Éthique. Mais l’adoption d’un cadre systématique après 1803, notamment avec la Dialectique après 1811, risque de minorer la place dévolue à l’individualité. C’est dans la conception originale de la temporalité que se trouve la clé de l’articulation entre la logique systématique de la différenciation fonctionnelle et la logique éthique de l’individualisation.
520 _aSchleiermacher’s Ethics of IndividualityThis article inquires the significance of the concept of individuality, the purpose of which is particularly stressed in the first writings of Schleiermacher, in the accomplished system and especially in Ethics. At first, it is the interpretation of Spinoza’s writings which is put forward as the fundamental philosophical inspiration in Schleiermacher’s project, including in Ethics. But the adoption of a systematic framework after 1803, especially in Dialectics after 1811, risks undermining the importance dedicated to individuality. It is in the original conception of time that lays the key connection between the systematic logic of functional differentiation and the ethical logic of individualisation.
690 _aindividualité
690 _aLeibniz
690 _aSpinoza
690 _asystème
690 _atemps
690 _aindividuality
690 _aLeibniz
690 _aSpinoza
690 _asystem
690 _atime
786 0 _nArchives de philosophie | 77 | 2 | 2014-04-16 | p. 281-299 | 0003-9632
856 4 1 _uhttps://shs.cairn.info/revue-archives-de-philosophie-2014-2-page-281?lang=fr&redirect-ssocas=7080
999 _c1580265
_d1580265